000 00746nam a22002657a 4500
003 UA-OsUOA
001 23380
007 ta
008 20040120b un ||||| |||| 00| 0 ukr d
100 _aРоменець В.А.
090 _a159.95(075.8)
_bР70
942 _cBK
040 _aUA-OsUOA
_bukr
_cUA-OsUOA
_dUA-OsUOA
245 _aПсихологія творчості
_bНавчальний посібник для вищих навчальних закладів
300 _a288 с.
955 _a0
041 _aukr
080 _a159.95(075.8)
020 _a966-06-0191-3
260 _aКиїв
_bЛибідь
_c2001
044 _aUA
250 _nДруге видання, доповн.
650 7 _2UDC
999 _c309627
_d309627